00593nam a2200181Ia 450000500170000000800410001704000190005804100120007708200150008910000180010424500960012226000580021830000120027650400400028865000480032865100250037685000100040120231102112441.0131103s9999 xx 000 0 und d aLoreto College aEnglish a320.5bSTA aStalin, J. V. 4aThe Foundations of Leninism b lectures delivered at the Sverdlov University cJ.V. Stalin aPeking bForeign Languages Pressc1963(1977 printing) a128 p.  aIncludes bibliographical references aPolitics - Political Ideology - Leninism -  aPolitical Science -  aLCLIB